000 01350nam a2200337 a 4500
001 35650
003 BD-RjUL
005 20211209052346.0
008 140528r19481940enkbf b 001 0 eng d
035 _a(BD-RjUL)35745
_aOCLC ocm03172724 from D960417M
040 _aHarvard Univ. Library
_cCIN
_dCIN
_dSER
_dOCL
_dPGC
_dEQO
_dBD-RjUL
_beng
041 1 _aeng
_agrc
_hgrc
082 0 0 _a888.9
_bMAM 1948
100 0 _aManetho.
_9108546
245 1 0 _aManetho /
_cwith an English translation by W.G. Waddell.
260 _aLondon :
_bW. Heinemann ltd ;
_aCambridge, Mass :
_bHarvard University Press,
_c1940 [reprinted 1948].
300 _avarious pages :
_bill. (fold. map) ;
_c17 cm.
490 1 _aLoeb classical library ;
_v350
500 _aOne plate accompanied by leaf with descriptive letterpress
504 _aBibliographical foot-notes. Bibliography: p. xxix-xxxi.and index.
651 0 _aEgypt
_xHistory
_yTo 332 B.C.
_9108547
651 0 _aEgypt
_xReligion
_vEarly works to 1800.
_9108548
830 0 _v350.
_9108554
700 1 _aWaddell, W. G.
_q(William Gillan),
_d1884-1945.
_9108550
700 1 _aRobbins, Frank Egleston,
_d1884-
_9108551
700 0 2 _aPtolemy,
_dactive 2nd century.
_tTetrabiblos.
_lEnglish & Greek.
_9108552
830 0 _aLoeb classical library ;
_9108555
942 _2ddc
_cBK
999 _c35650
_d35650